La economía de la familia (Registro nro. 6392)

Detalles MARC
000 -LEADER
fixed length control field 00922cam a2200241 a 4500
003 - CONTROL NUMBER IDENTIFIER
control field OSt
005 - DATE AND TIME OF LATEST TRANSACTION
control field 20191218120554.0
008 - FIXED-LENGTH DATA ELEMENTS--GENERAL INFORMATION
fixed length control field 120517s2011 ck ad r 000 0 spa d
020 ## - INTERNATIONAL STANDARD BOOK NUMBER
International Standard Book Number 9789587590173
040 ## - CATALOGING SOURCE
Original cataloging agency CO-JMCR
Transcribing agency CO-Bo
041 0# - LANGUAGE CODE
Language code of text/sound track or separate title spa
082 04 - DEWEY DECIMAL CLASSIFICATION NUMBER
Classification number 640.9861
Item number S487e
Edition number 21
100 1# - MAIN ENTRY--PERSONAL NAME
Personal name Serrano Moya, Edgard David
Relator term autor
9 (RLIN) 9
245 13 - TITLE STATEMENT
Title La economía de la familia
Remainder of title modelos, comportamiento y asignación de recursos al interior de la familia : un análisis para Colombia
Statement of responsibility, etc. Edgar David Serrano Moya
250 ## - EDITION STATEMENT
Edition statement Primera edición
260 ## - PUBLICATION, DISTRIBUTION, ETC.
Place of publication, distribution, etc. Manizales
Name of publisher, distributor, etc. Editorial Universidad de Caldas
Date of publication, distribution, etc. 2011
300 ## - PHYSICAL DESCRIPTION
Extent 134 páginas
Other physical details ilustraciones, cuadros y gráficas a blanco y negro
Dimensions 24 cm.
504 ## - BIBLIOGRAPHY, ETC. NOTE
Bibliography, etc. note Bibliográfia: página 129-134
650 14 - SUBJECT ADDED ENTRY--TOPICAL TERM
Topical term or geographic name entry element Economía doméstica
Geographic subdivision Colombia
9 (RLIN) 10
650 24 - SUBJECT ADDED ENTRY--TOPICAL TERM
Topical term or geographic name entry element Costo y nivel de vida
Geographic subdivision Colombia
9 (RLIN) 11
650 24 - SUBJECT ADDED ENTRY--TOPICAL TERM
Topical term or geographic name entry element Familia
General subdivision Condiciones económicas
Geographic subdivision Colombia
9 (RLIN) 12
942 ## - ADDED ENTRY ELEMENTS (KOHA)
Source of classification or shelving scheme Dewey Decimal Classification
Koha item type Books
Existencias
Withdrawn status Lost status Source of classification or shelving scheme Damaged status Not for loan Home library Current library Date acquired Total Checkouts Full call number Barcode Date last seen Copy number Price effective from Koha item type
    Dewey Decimal Classification     Biblioteca Pública José María del Castillo y Rada Biblioteca Pública José María del Castillo y Rada 12/18/2019   640.9861 S487e 201809613 05/16/2024 Ej.1 12/18/2019 Books